Представление документа в формате MARC21

Поле Инд. ПП Название Значение
Тип записи a
Библиографический уровень b
001 Контрольный номер RU/IS/BASE/148578796
005 Дата корректировки 20200522190719.2
084 a Индекс другой классификации/Индекс ББК 66.4(0),4; 65.59
100 1_ a Автор Хлопов О. А.
245 a Заглавие Прикаспийский регион: транснациональное сотрудничество
b Продолж. заглавия (перспективы и проблемы)
504 a Библиография Библиогр. ссылки
650 a Основная рубрика внешнеэкономическая деятельность
a Основная рубрика международные отношения
a Основная рубрика политика
a Основная рубрика экономика
653 a Ключевые слова геополитика
a Ключевые слова геополитическая ситуация
a Ключевые слова глобализация экономики
a Ключевые слова международное экономическое сотрудничество
a Ключевые слова международные экономические отношения
a Ключевые слова мировая политика
a Ключевые слова мировая экономика
a Ключевые слова Прикаспийский регион
a Ключевые слова региональная интеграция
a Ключевые слова транснациональные транспортные проекты
773 t Заглавие источника Вестник Московского университета. Серия 18, Социология и политология
d Дата издания источника 2001
g Прочая информация № 4. - С. 63 - 91
w Контрольный № источника RU/IS/BASE/148578751
901 t Тип документа b